|
|
|
|
| LEADER |
01065nam a2200301 a 4500 |
| 001 |
000627600 |
| 003 |
CZ BrMZK |
| 005 |
20080428092803.0 |
| 007 |
ta |
| 008 |
021004s2003 xr g p cze d |
| 015 |
|
|
|a cnb001183222
|
| 020 |
|
|
|a 80-901937-7-3
|
| 035 |
|
|
|a (OCoLC)53273972
|
| 040 |
|
|
|a BOA001
|b cze
|
| 072 |
|
7 |
|a 821.162.3-1
|x Česká poezie
|2 Konspekt
|9 25
|
| 080 |
|
|
|a 821.162.3-1
|2 MRF
|
| 080 |
|
|
|a (0:82-1)
|2 MRF
|
| 100 |
1 |
|
|a Brandejs, Vladimír,
|d 1937-2005
|7 jk01012979
|4 aut
|
| 245 |
1 |
0 |
|a Nahé světlo /
|c Vladimír Brandejs ; [ilustrace Miroslav Polák]
|
| 250 |
|
|
|a 1. vyd.
|
| 260 |
|
|
|a Opočno :
|b Prameny,
|c 2003
|
| 300 |
|
|
|a 30 s. :
|b il. ;
|c 21 cm
|
| 655 |
|
7 |
|a česká poezie
|7 fd133958
|2 czenas
|
| 700 |
1 |
|
|a Polák, Miroslav,
|d 1920-
|7 jn20010309538
|4 ill
|
| 856 |
4 |
1 |
|u http://www.digitalniknihovna.cz/mzk/uuid/uuid:aa27a3d0-70f1-11e2-b9fa-005056827e52
|y Digitalizovaný dokument
|x NDK
|
| 910 |
|
|
|a BOA001
|b 2-1107.504
|
| 990 |
|
|
|a BK
|
| 996 |
6 |
|
|b 2610171901
|c 2-1107.504
|l MZK
|r Sklad / do 1 hodiny
|n 0
|p p.v.
|w 000627600
|u 000010
|a 1
|e BOA001
|j MZK50
|s P
|